Loading...
LEADER 00851nam a22001937a 4500
020 |a 978-81-264-2383-5 
082 |a 928.94812   |b MAD1/D Q2 
100 |a  മാധവിക്കുട്ടി;  |9 37729 
100 |a Madavikkutty  |9 37730 
240 |a Diarykkurippukal 
245 |a ഡയറിക്കുറിപ്പുകള്‍ 
250 |a 3rd / 1st (1992) 
260 |a Kottayam;   |b D C Books;  |c 2012 
300 |a 140p. 
650 |a  മലയാളം; ആത്മകഥ; ജീവചരിത്രം; മലയാളസാഹിത്യം  |9 37285 
650 |a Malayalam; Autobiography; Biography; Malayalam Literature; Madavikutty   |9 37731 
942 |c BK 
999 |c 38414  |d 38414 
952 |0 0  |1 0  |4 0  |6 920_000000000000000_MAD1_D_Q2  |7 0  |8 MALD  |9 43307  |a MAL  |b MAL  |d 2015-06-22  |e 54362  |g 80.00  |l 0  |o 920 MAD1/D Q2  |p MAL054362  |r 2015-06-22  |t 1  |w 2015-06-22  |y BK